| 000 | 03036cam a2200397 i 4500 | ||
|---|---|---|---|
| 999 |
_c10527 _d10527 |
||
| 001 | 921167327 | ||
| 003 | OCoLC | ||
| 005 | 20241128103500.0 | ||
| 007 | ta | ||
| 008 | 151128s2016 miu b 001 0 eng | ||
| 010 | _a2015046914 | ||
| 020 |
_a9780802873316 _q(pbk. ; _qalk. paper) |
||
| 020 |
_a0802873316 _q(pbk. ; _qalk. paper) |
||
| 024 | 8 | _a40026080368 | |
| 035 | _a(OCoLC)921167327 | ||
| 040 |
_aDLC _beng _erda _cDLC _dYDX _dBTCTA _dYDXCP _dBDX _dOCLCF _dCDX _dGGB _dDTM _dHNW _dZCU _dWIO _dOCLCQ _dW2U _dVGM _dOCLCA _dUKMGB _dOCLCQ _dOCLCO |
||
| 042 | _apcc | ||
| 050 | 0 | 0 |
_aBS2555.6.H4 _bH46 2016 |
| 082 | 0 | 0 |
_a226.066 _223 _bHEN |
| 100 | 1 |
_aHenriksen, Jan-Olav, _eauthor _918331 |
|
| 245 | 1 | 0 |
_aJesus as healer : _ba gospel for the body / _cJan-Olav Henriksen & Karl Olav Sandnes |
| 264 | 1 |
_aGrand Rapids, Michigan : _bEerdmans Publishing Company, _c2016 |
|
| 300 |
_ax, 273 pages ; _c23 cm |
||
| 336 |
_atext _btxt _2rdacontent |
||
| 337 |
_aunmediated _bn _2rdamedia |
||
| 338 |
_avolume _bnc _2rdacarrier |
||
| 504 | _aIncludes bibliographical references (pages 254-263) and index | ||
| 505 | 0 | _aI. Remembering Jesus as healer : perspectives from New Testament scholarship : -- Introductory remarks to the New Testament part -- The evidence of the canonical gospels : a survey -- Jesus and contemporary healers -- Jesus as healer in current New Testament scholarship -- Raising the dead : implications for Jesus as healer? -- Jesus as healer in the gospels -- Jesus still a healer through his disciples -- New Testament apocrypha -- Healing in the early church -- Toward a theology of Jesus as healer -- II. Jesus as healer and contemporary theology : -- Approaches to healing and related topics in science and theology -- What is healing? -- Christian healing and spiritual healing -- The modern embarrassment regarding healing miracles -- and overcoming it -- Recent discussion about miracles -- Healing within a Christological framework -- Concluding considerations about the theological understanding of Jesus as healer | |
| 520 | _aHealings and miracles play a prominent role in the New Testament accounts of Jesus' life and ministry. In the Western Christian tradition, however, Jesus' works of healing tend to be downplayed and understood as little more than a demonstration of his divine power. In this book Jan-Olav Henriksen and Karl Olav Sandnes draw on both contemporary systematic theology and New Testament scholarship to challenge and investigate the reasons for that oversight. They constructively consider what it can mean for Christian theology today to understand Jesus as a healer, to embrace fully the embodied character of the Christian faith, and to recognize the many ways in which God can still be seen to have a healing presence in the world | ||
| 600 | 0 | 0 |
_aJesus Christ _989 |
| 630 | 0 | 0 |
_aBible. _pGospels _xCriticism, interpretation, etc _92775 |
| 650 | 0 |
_aHealing in the Bible _914271 |
|
| 650 | 0 |
_aHealing _xBiblical teaching _918332 |
|
| 650 | 0 |
_aMiracles _xBiblical teaching _94064 |
|
| 942 |
_2ddc _cBK |
||